| 000 | 00543cam a22002051 4500 | ||
|---|---|---|---|
| 001 | af 48002939 | ||
| 003 | DLC | ||
| 005 | 20260227110859.0 | ||
| 008 | 890614s1942 ne 000 0 dut c | ||
| 010 | _aaf 48002939 | ||
| 035 | _a(OCoLC)19869014 | ||
| 040 |
_aCalifornia. Univ. Libr. _cCU _dDLC |
||
| 042 | _apremarc | ||
| 050 | 0 | 0 |
_aPZ14.3 _b.K7 |
| 100 | 1 | _aKrekel, Kris. | |
| 245 | 1 | 0 | _aKindergedichten voor de school. |
| 260 |
_a[Steenbrugge, _bA.-J. Witteryck, _c1942] |
||
| 300 |
_a47 p. _c18 cm. |
||
| 650 | 0 | _aChildren's poetry, Dutch. | |
| 999 |
_c5319 _d5319 |
||